000 00529nam a2200217Ia 4500
003 GCL
008 140319s9999 xx 000 0 eng d
040 _aGCL /
_cGCL
082 0 4 _a746.442
_bC A
100 1 _aCOSS, MELINDA
245 1 0 _aART MASTERS IN NEEDLEPOINT /
_cCOSS, MELINDA
260 _a[S.N] :
_bEBURY PRESS ،
_c1994
300 _a120 P
650 0 4 _aNEDDLE WORKS
650 0 4 _aDESIGN
650 0 4 _aEMBROIDERY
650 0 4 _aCANVAS
650 0 4 _aDESIGN, NEEDLEWORK
650 0 4 _aHANDWORKS
942 _2ddc
_cBK
999 _c20919
_d20919